书目信息 |
| 题名: |
广告媒体策略
|
|
| 作者: | 刘超 编著 | |
| 分册: | ||
| 出版信息: | 北京 中国建筑工业出版社 2008.06 |
|
| 页数: | 377页 | |
| 开本: | 23cm | |
| 丛书名: | 高等学校广告学专业教学丛书 | |
| 单 册: | ||
| 中图分类: | F713.8 | |
| 科图分类: | ||
| 主题词: | 广告--guang gao--传播媒介--高等学校--教材 | |
| 电子资源: | ||
| ISBN: | 978-7-112-09860-6 | |
| 000 | 01026nam 2200265 450 | |
| 001 | 012009428015 | |
| 005 | 20090917202433.71 | |
| 010 | @a978-7-112-09860-6@dCNY39.00 | |
| 100 | @a20090917d2008 em y0chiy0120 ea | |
| 101 | 0 | @achi |
| 102 | @aCN@b110000 | |
| 105 | @aak a 000yy | |
| 106 | @ar | |
| 200 | 1 | @a广告媒体策略@Aguang gao mei ti ce lue@f刘超编著@Fliu chao bian zhu |
| 210 | @a北京@c中国建筑工业出版社@d2008.06 | |
| 215 | @a377页@c图@d23cm | |
| 225 | 2 | @a高等学校广告学专业教学丛书@Agao deng xue xiao guang gao xue zhuan ye jiao xue cong shu |
| 320 | @a有书目 (第372-374页) | |
| 330 | @a本书共14章,系统介绍广告媒体策略的经典理论,在把媒体生态的最新演进趋势以及不同媒体形态传播特征的基础上,以全新的视角对广告媒体策略的内涵、理论背景、组成部分和基本方法等进行系统论述。 | |
| 410 | 0 | @12001 @a高等学校广告学专业教学丛书 |
| 606 | 0 | @a广告@Aguang gao@x传播媒介@x高等学校@j教材 |
| 690 | @aF713.8@v4 | |
| 701 | 0 | @a刘超@Aliu chao@4编著 |
| 801 | 0 | @aCN@bQSSK@c20090917 |
| 905 | @b754982-84@dF713.8@eL596@f3 | |
| 广告媒体策略/刘超编著.-北京:中国建筑工业出版社,2008.06 |
| 377页:图;23cm.-(高等学校广告学专业教学丛书) |
| ISBN 978-7-112-09860-6:CNY39.00 |
| 本书共14章,系统介绍广告媒体策略的经典理论,在把媒体生态的最新演进趋势以及不同媒体形态传播特征的基础上,以全新的视角对广告媒体策略的内涵、理论背景、组成部分和基本方法等进行系统论述。 |
| ● |
| 相关链接 |
|
|
|
正题名:广告媒体策略
索取号:F713.8/L596
 
预约/预借
| 序号 | 登录号 | 条形码 | 馆藏地/架位号 | 状态 | 备注 |
| 1 | 754982 | 207549820 | 社科库409/409社科库 44排5列1层/ [索取号:F713.8/L596] | 在馆 | |
| 2 | 754983 | 207549839 | 社科库409/409社科库 44排5列1层/ [索取号:F713.8/L596] | 在馆 | |
| 3 | 754984 | 207549848 | 社科库409/422社科库 36排4列1层/ [索取号:F713.8/L596] | 在馆 |